[Event "2024 Autumn Open"]
[Site "?"]
[Date "2024.09.14"]
[Round "1.1"]
[White "Parri, Deio"]
[Black "Beaumont, Chris"]
[Result "1/2-1/2"]
[WhiteElo "1767"]
[BlackElo "2156"]
[PlyCount "38"]
[EventDate "2024.??.??"]
[SourceVersionDate "2024.09.14"]

1. d4 Nf6 2. c4 g6 3. Nc3 Bg7 4. Nf3 O-O 5. Bf4 c5 6. e3 cxd4 7. exd4 d5 8. c5 b6 9. cxb6 Qxb6 10. Qb3 Qxb3 11. axb3 Nc6 12. Bb5 Nb4 13. O-O Bf5 14. Ra4 a5 15. Rfa1 Bc2 16. Rxa5 Rxa5 17. Rxa5 Bxb3 18. Ra7 Nh5 19. Bg5 Bf6 1/2-1/2

[Event "2024 Autumn Open"]
[Site "?"]
[Date "2024.09.14"]
[Round "1.2"]
[White "Brown, Tom"]
[Black "Gale, Mike"]
[Result "1-0"]
[WhiteElo "2125"]
[BlackElo "1759"]
[PlyCount "43"]
[EventDate "2024.??.??"]
[SourceVersionDate "2024.09.14"]

1. d4 Nf6 2. Nf3 d5 3. Bf4 Bf5 4. e3 e6 5. c4 Bxb1 6. Qxb1 Bb4+ 7. Kd1 c5 8. a3 Ba5 9. b4 Ne4 10. Ke1 Nc6 11. dxc5 Qf6 12. Be2 Nxb4 13. axb4 Bxb4+ 14. Kf1 O-O 15. g4 Bxc5 16. g5 Qf5 17. h3 e5 18. Bxe5 Qxf3 19. Bxf3 Nd2+ 20. Kg2 Nxb1 21. Rhxb1 dxc4 22. Rxb7 1-0

[Event "2024 Autumn Open"]
[Site "?"]
[Date "2024.09.14"]
[Round "1.3"]
[White "Probert, Malcolm"]
[Black "Honey, Luke"]
[Result "0-1"]
[WhiteElo "1747"]
[BlackElo "2008"]
[PlyCount "30"]
[EventDate "2024.??.??"]
[SourceVersionDate "2024.09.14"]

1. Nf3 d5 2. d4 Nf6 3. g3 Bf5 4. c4 e6 5. Qb3 Nc6 6. Qxb7 Nb4 7. Qb5+ c6 8. Qb7 Rb8 9. Qxa7 Nc2+ 10. Kd1 Nxa1 11. Na3 Bxa3 12. Qxa3 Nc2 13. Qa4 Nb4 14. Qa3 O-O 15. Bd2 Nc2 0-1

[Event "2024 Autumn Open"]
[Site "?"]
[Date "2024.09.14"]
[Round "1.4"]
[White "Fathallah, Joe"]
[Black "Browse, Joseph"]
[Result "1-0"]
[WhiteElo "1985"]
[BlackElo "1737"]
[PlyCount "49"]
[EventDate "2024.??.??"]
[SourceVersionDate "2024.09.14"]

1. d4 Nf6 2. c4 e6 3. Nf3 c5 4. d5 exd5 5. cxd5 d6 6. Nc3 g6 7. Bf4 Nh5 8. Bg5 Qa5 9. Qd2 f6 10. Bh4 Bg4 11. Qe3+ Be7 12. h3 Bxf3 13. exf3 g5 14. Bb5+ Kd8 15. Bg3 Nxg3 16. fxg3 a6 17. Bd3 Nd7 18. O-O Ne5 19. Bf5 Kc7 20. f4 Nd7 21. Qxe7 Rad8 22. Rae1 Rhe8 23. Qxh7 Rh8 24. Qf7 Rhf8 25. Qh5 1-0

[Event "2024 Autumn Open"]
[Site "?"]
[Date "2024.09.14"]
[Round "1.5"]
[White "Prabhu, Vismuth"]
[Black "Tapp, James"]
[Result "0-1"]
[WhiteElo "1731"]
[BlackElo "1952"]
[PlyCount "110"]
[EventDate "2024.??.??"]
[SourceVersionDate "2024.09.14"]

1. d4 Nf6 2. c4 e6 3. Nc3 Bb4 4. Qc2 O-O 5. e4 d5 6. e5 Ne4 7. Bd3 c5 8. Nf3 cxd4 9. Nxd4 Nd7 10. Bf4 Ndc5 11. O-O Bxc3 12. bxc3 Bd7 13. cxd5 exd5 14. f3 Nxd3 15. Qxd3 Nc5 16. Qd2 Rc8 17. Rfd1 Na4 18. Rac1 Qe7 19. Re1 Qa3 20. Nb3 Be6 21. Qe3 b6 22. Kh1 Rc4 23. Red1 Rfc8 24. Rd3 Nc5 25. Bh6 gxh6 26. Qxh6 Bf5 27. Qg5+ Bg6 28. Rxd5 Nxb3 29. Rd8+ Rxd8 30. Qxd8+ Qf8 31. Qxf8+ Kxf8 32. axb3 Rc7 33. Kg1 Rd7 34. Kf2 Rd2+ 35. Kg3 Rc2 36. Ra1 Rxc3 37. Rxa7 Rxb3 38. h4 Rb4 39. Rb7 h5 40. Kf2 Rb2+ 41. Kg3 b5 42. Kh3 Bf5+ 43. Kg3 Be6 44. Kf4 Kg7 45. g3 Rb3 46. Rb6 Bd5 47. Kg5 Bxf3 48. g4 Bxg4 49. Rb7 b4 50. e6 Bxe6 51. Kxh5 Rb1 52. Kg5 b3 53. Rb8 Rg1+ 54. Kh5 Bf5 55. Rb6 Bg6+ 0-1

[Event "2024 Autumn Open"]
[Site "?"]
[Date "2024.09.14"]
[Round "1.6"]
[White "Hatchett, Paul"]
[Black "Mckenna, Joshua"]
[Result "1-0"]
[WhiteElo "1949"]
[BlackElo "1726"]
[PlyCount "39"]
[EventDate "2024.??.??"]
[SourceVersionDate "2024.09.14"]

1. d4 Nf6 2. Nc3 d5 3. Bg5 Bf5 4. f3 Nbd7 5. Nxd5 Nxd5 6. e4 Be6 7. exd5 Bxd5 8. Bd3 Nf6 9. Qe2 Qd6 10. c3 O-O-O 11. Nh3 h6 12. Bf4 Qe6 13. Be5 Nd7 14. Nf4 Qc6 15. Bb5 Bxf3 16. gxf3 Qb6 17. Nd5 Qg6 18. Bxc7 Re8 19. Qc4 Qc6 20. Bxc6 1-0

[Event "2024 Autumn Open"]
[Site "?"]
[Date "2024.09.14"]
[Round "1.7"]
[White "Sharhorodsky, Yaroslav"]
[Black "Turner, George"]
[Result "0-1"]
[WhiteElo "1719"]
[BlackElo "1924"]
[PlyCount "56"]
[EventDate "2024.??.??"]
[SourceVersionDate "2024.09.15"]

1. e4 c5 2. Nf3 d6 3. d4 cxd4 4. Nxd4 Nf6 5. Nc3 g6 6. Bc4 Bg7 7. O-O O-O 8. Kh1 Nc6 9. f3 Nxd4 10. Qxd4 Bd7 11. Bg5 Rc8 12. Qd3 Qc7 13. Bb3 Be6 14. Nd5 Bxd5 15. exd5 Nd7 16. Rae1 Rfe8 17. Re2 Nc5 18. Qc4 Nxb3 19. Qxb3 h6 20. Bh4 g5 21. Bf2 Qc4 22. Qxc4 Rxc4 23. b3 Rc3 24. Bxa7 Ra8 25. Bb6 Rxa2 26. Rxe7 Rcxc2 27. Rxb7 Rxg2 28. Rb8+ Kh7 0-1

[Event "2024 Autumn Open"]
[Site "?"]
[Date "2024.09.14"]
[Round "1.8"]
[White "Szakmany, Bence"]
[Black "Hurn, Robert"]
[Result "1-0"]
[WhiteElo "1909"]
[BlackElo "1715"]
[PlyCount "65"]
[EventDate "2024.??.??"]
[SourceVersionDate "2024.09.15"]

1. e4 c5 2. Nf3 d6 3. d4 cxd4 4. Nxd4 Nf6 5. Nc3 g6 6. Be3 Bg7 7. f3 O-O 8. Qd2 Nc6 9. g4 Be6 10. Nxe6 fxe6 11. O-O-O Ne5 12. Qg2 Qa5 13. Kb1 Rac8 14. Bd2 Qb6 15. g5 Nh5 16. Qh3 Rxf3 17. Qxe6+ Rf7 18. Qxc8+ Rf8 19. Qe6+ Rf7 20. Bc4 Nxc4 21. Qxc4 Qd8 22. Rhf1 Qe8 23. Qxf7+ Qxf7 24. Rxf7 Kxf7 25. Nd5 Ke6 26. Bc3 Bxc3 27. Nxc3 Nf4 28. Rf1 Ke5 29. Nd5 Ne6 30. h4 Kxe4 31. Nxe7 Nc5 32. Rf7 d5 33. Rxh7 1-0

[Event "2024 Autumn Open"]
[Site "?"]
[Date "2024.09.14"]
[Round "1.9"]
[White "McGrath, Ethan"]
[Black "Jukes, Sam"]
[Result "1/2-1/2"]
[WhiteElo "1707"]
[BlackElo "1895"]
[PlyCount "86"]
[EventDate "2024.??.??"]
[SourceVersionDate "2024.09.15"]

1. c4 e5 2. g3 Nf6 3. Bg2 c6 4. e4 Bc5 5. Ne2 O-O 6. O-O d5 7. d3 dxc4 8. dxc4 Qxd1 9. Rxd1 Bg4 10. Nbc3 Na6 11. a3 Nc7 12. Bg5 Be6 13. Bxf6 gxf6 14. b4 Be7 15. c5 a5 16. f4 axb4 17. axb4 Rxa1 18. Rxa1 Na6 19. Rb1 Nxb4 20. Na4 Nd3 21. Rxb7 Bxc5+ 22. Nxc5 Nxc5 23. Rc7 Rc8 24. Rxc8+ Bxc8 25. Nc3 Nd3 26. Bf1 Ba6 27. Bxd3 Bxd3 28. Kf2 f5 29. fxe5 Bxe4 30. Nxe4 fxe4 31. g4 Kf8 32. Ke3 Ke7 33. h4 Ke6 34. Kxe4 c5 35. g5 c4 36. Kd4 c3 37. Kxc3 Kxe5 38. Kd3 Kf4 39. Kd4 Kg4 40. Ke5 Kxh4 41. Kf4 Kh3 42. Kf3 Kh4 43. Kf4 Kh5 1/2-1/2

[Event "2024 Autumn Open"]
[Site "?"]
[Date "2024.09.14"]
[Round "1.10"]
[White "McGregor, John"]
[Black "Williams, Stephrn"]
[Result "1-0"]
[WhiteElo "1894"]
[BlackElo "1662"]
[PlyCount "33"]
[EventDate "2024.??.??"]
[SourceVersionDate "2024.09.15"]

1. e4 c5 2. Nc3 Nc6 3. f4 g6 4. Nf3 Bg7 5. Bc4 Nf6 6. d3 O-O 7. O-O Nd4 8. Nxd4 cxd4 9. Ne2 d5 10. exd5 Nxd5 11. Bxd5 Qxd5 12. Ng3 b6 13. f5 Bb7 14. Rf2 e5 15. Ne4 f6 16. Qf3 Bc8 17. Nxf6+ 1-0

[Event "2024 Autumn Open"]
[Site "?"]
[Date "2024.09.14"]
[Round "1.11"]
[White "Hammett, Scott"]
[Black "Majeed, Haroon"]
[Result "0-1"]
[WhiteElo "1644"]
[BlackElo "1890"]
[PlyCount "134"]
[EventDate "2024.??.??"]
[SourceVersionDate "2024.09.15"]

1. d4 d5 2. e3 Nf6 3. f4 c5 4. c3 e6 5. Nf3 Be7 6. Bd3 b6 7. O-O O-O 8. Bd2 Ba6 9. Be1 Bxd3 10. Qxd3 Ne4 11. Nbd2 Nxd2 12. Qxd2 Nd7 13. Qc2 Qc7 14. Bg3 Bd6 15. Rac1 Rac8 16. Bh4 cxd4 17. Nxd4 Bc5 18. Bg3 Bxd4 19. exd4 f5 20. Rce1 Rfe8 21. Re3 Nf6 22. Qe2 Ne4 23. Bh4 Qc4 24. Qxc4 Rxc4 25. Rc1 Rec8 26. Rd3 b5 27. Be1 b4 28. Rb1 bxc3 29. bxc3 Ra4 30. Rb2 Rc6 31. Re3 Rca6 32. Ree2 Rc4 33. Rec2 h6 34. Rb4 Rc8 35. a4 Rac6 36. a5 Nd6 37. Ra2 a6 38. Rb6 Nc4 39. Rxc6 Rxc6 40. Ra4 Rc7 41. Rb4 Rc6 42. Ra4 Kf7 43. h4 Ke7 44. h5 Nd6 45. Rb4 Nb5 46. Rb3 Rc4 47. Kf2 Ra4 48. Ke3 Rxa5 49. c4 dxc4 50. Bxa5 cxb3 51. Kd3 b2 52. Kc2 Nxd4+ 53. Kxb2 Ne2 54. Bd2 Ng3 55. Be1 Nxh5 56. g3 Kd6 57. Kc2 Kd5 58. Kd3 a5 59. Bxa5 Nxg3 60. Bd8 Ne4 61. Ke3 g5 62. Be7 e5 63. fxe5 Kxe5 64. Bf8 f4+ 65. Kf3 h5 66. Bh6 Kf5 67. Kg2 g4 0-1

[Event "2024 Autumn Open"]
[Site "?"]
[Date "2024.09.14"]
[Round "1.12"]
[White "Tuson, Jon"]
[Black "Tuson, Bronwen"]
[Result "0-1"]
[WhiteElo "1860"]
[BlackElo "1620"]
[PlyCount "68"]
[EventDate "2024.??.??"]
[SourceVersionDate "2024.09.21"]

1. Nf3 c5 2. g3 Nf6 3. Bg2 Nc6 4. O-O g6 5. d4 cxd4 6. Nxd4 Bg7 7. c4 O-O 8. Nc3 a6 9. Be3 Rb8 10. Rc1 Nxd4 11. Bxd4 b5 12. cxb5 axb5 13. Ba7 Rb7 14. Bxb7 Bxb7 15. Bd4 d6 16. Nxb5 Qd7 17. Bxf6 Bxf6 18. Nd4 Qh3 19. Nf3 g5 20. Rc7 Ba8 21. Ra7 g4 22. Rxa8 Rxa8 23. Qd5 Rc8 24. Nd4 Rc5 25. Qxc5 dxc5 26. Nf5 e6 27. Nd6 Bxb2 28. Rb1 Be5 29. Ne4 f5 30. Nxc5 f4 31. Nxe6 fxg3 32. hxg3 Bxg3 33. fxg3 Qxg3+ 34. Kf1 Qh3+ 0-1

[Event "2024 Autumn Open"]
[Site "?"]
[Date "2024.09.14"]
[Round "1.13"]
[White "Bain, Oliver"]
[Black "Dixon, Chris"]
[Result "0-1"]
[WhiteElo "1581"]
[BlackElo "1808"]
[PlyCount "56"]
[EventDate "2024.??.??"]
[SourceVersionDate "2024.09.21"]

1. d4 d5 2. Nc3 Nf6 3. Bf4 a6 4. e3 e6 5. a3 c5 6. Nf3 Nc6 7. h3 Bd6 8. Ne5 cxd4 9. exd4 Qc7 10. Nxc6 Bxf4 11. Nb4 O-O 12. Be2 Bd7 13. O-O Rac8 14. Nd3 Bh2+ 15. Kh1 Bd6 16. a4 Rfd8 17. a5 Ne4 18. Nxe4 dxe4 19. Ne1 Bb4 20. c4 Bxa5 21. Nc2 Bb6 22. b4 Ba7 23. Qd2 Bb8 24. g3 e5 25. d5 Bxh3 26. Rfd1 Qe7 27. c5 Qf6 28. Bc4 Qf3+ 0-1

[Event "2024 Autumn Open"]
[Site "?"]
[Date "2024.09.14"]
[Round "1.14"]
[White "Jones, Steve"]
[Black "Richards, Gareth"]
[Result "1-0"]
[WhiteElo "1808"]
[BlackElo "1576"]
[PlyCount "99"]
[EventDate "2024.??.??"]
[SourceVersionDate "2024.09.21"]

1. d4 d5 2. Nc3 Nf6 3. Bf4 a6 4. e3 Bf5 5. f3 Nc6 6. g4 Bg6 7. h4 h5 8. g5 Nd7 9. Nxd5 e5 10. dxe5 Ndxe5 11. Rh2 Bd6 12. Rd2 Qd7 13. e4 O-O 14. Bxe5 Nxe5 15. f4 Ng4 16. e5 Qe6 17. Qe2 c6 18. Nf6+ Nxf6 19. Rxd6 Qe7 20. gxf6 gxf6 21. Rxf6 Qb4+ 22. c3 Qa4 23. Nf3 Rad8 24. f5 Bh7 25. Qg2+ Kh8 26. Qg5 Qe4+ 27. Be2 Rg8 28. Qxh5 Rg2 29. Ng5 Rg1+ 30. Kf2 Rg2+ 31. Kf1 Rxg5 32. hxg5 Qf4+ 33. Qf3 Qxg5 34. Rd1 Rg8 35. Kf2 Qh4+ 36. Ke3 Re8 37. Kd2 Rxe5 38. Rxf7 Qg5+ 39. Ke1 Bxf5 40. Rxb7 Qg1+ 41. Qf1 Rxe2+ 42. Kxe2 Qh2+ 43. Ke1 Qg3+ 44. Qf2 Qe5+ 45. Kf1 Bh3+ 46. Kg1 Qg5+ 47. Kh2 Bf5 48. Rd4 Kg8 49. Qxf5 Qxf5 50. Rd8+ 1-0

[Event "2024 Autumn Open"]
[Site "?"]
[Date "2024.09.14"]
[Round "1.15"]
[White "Ramzan, Timur"]
[Black "Hannigan, Jack"]
[Result "0-1"]
[WhiteElo "1568"]
[BlackElo "1794"]
[PlyCount "86"]
[EventDate "2024.??.??"]
[SourceVersionDate "2024.09.25"]

1. e4 e6 2. d4 d5 3. exd5 exd5 4. c4 Nf6 5. Nf3 Bg4 6. Bg5 Bb4+ 7. Nc3 O-O 8. h3 Re8+ 9. Be2 Bxf3 10. gxf3 Qe7 11. a3 Bxc3+ 12. bxc3 dxc4 13. Qd2 Nbd7 14. Rg1 Kh8 15. Kf1 Qe6 16. Rh1 b5 17. h4 h6 18. Bxh6 gxh6 19. Qxh6+ Nh7 20. Qxe6 Rxe6 21. Rb1 Rae8 22. Rb2 a6 23. a4 Nb6 24. axb5 axb5 25. Ke1 Nd5 26. Rc2 Nf4 27. Kd1 Rxe2 28. Rxe2 Rxe2 29. Rh2 Ra2 30. Kc1 Nd3+ 31. Kb1 Rb2+ 32. Ka1 Rb3 33. Ka2 Rxc3 34. d5 Rc2+ 35. Kb1 Rxf2 36. Rxf2 Nxf2 37. Kc2 Nf6 38. d6 cxd6 39. Kc3 Nd5+ 40. Kd4 c3 41. Kxd5 c2 42. f4 c1=Q 43. h5 Qc5# 0-1

[Event "2024 Autumn Open"]
[Site "?"]
[Date "2024.09.14"]
[Round "1.16"]
[White "Di-Vetta, Andrew"]
[Black "Daniel, Elijah"]
[Result "1-0"]
[WhiteElo "1791"]
[BlackElo "1392"]
[PlyCount "51"]
[EventDate "2024.??.??"]
[SourceVersionDate "2024.09.25"]

1. e4 d5 2. exd5 Qxd5 3. Nc3 Qa5 4. Nf3 Bg4 5. d4 Nf6 6. h3 Bh5 7. g4 Bg6 8. Bd2 Nbd7 9. Bc4 c6 10. Nh4 e6 11. f4 Qc7 12. Nxg6 hxg6 13. Qf3 Nd5 14. O-O-O O-O-O 15. f5 gxf5 16. gxf5 N7b6 17. Bb3 Bb4 18. Nxd5 Bxd2+ 19. Rxd2 exd5 20. Rg2 f6 21. Qg4 Rd7 22. h4 g5 23. fxg6 Rg8 24. h5 Kb8 25. h6 Ka8 26. h7 1-0

[Event "2024 Autumn Open"]
[Site "?"]
[Date "2024.09.14"]
[Round "1.17"]
[White "Latif, Eron"]
[Black "Richards, Joshua"]
[Result "0-1"]
[WhiteElo "1310"]
[BlackElo "1791"]
[PlyCount "60"]
[EventDate "2024.??.??"]
[SourceVersionDate "2024.09.25"]

1. e4 e6 2. d4 d5 3. exd5 exd5 4. Nf3 Nf6 5. Be2 Bf5 6. h3 Bd6 7. Nc3 Nc6 8. a3 h6 9. Be3 a6 10. Qd2 Qe7 11. O-O g5 12. g4 Be4 13. Kg2 h5 14. Rh1 Qe6 15. Kg1 hxg4 16. Nxg5 Qf5 17. Ncxe4 Nxe4 18. Nxe4 Qxe4 19. Bxg4 f5 20. Re1 Kf7 21. f3 Qe6 22. Bg5 Qg6 23. Kg2 fxg4 24. fxg4 Kg7 25. Rhf1 Rhf8 26. h4 Rxf1 27. Rxf1 Rf8 28. h5 Qe4+ 29. Kg1 Qxg4+ 30. Kh1 Rxf1# 0-1

[Event "2024 Autumn Open"]
[Site "?"]
[Date "2024.09.14"]
[Round "2.1"]
[White "Dixon, Chris"]
[Black "Brown, Thomas"]
[Result "0-1"]
[WhiteElo "1808"]
[BlackElo "2125"]
[PlyCount "90"]
[EventDate "2024.??.??"]
[SourceVersionDate "2024.09.25"]

1. d4 d5 2. Nf3 c5 3. e3 cxd4 4. exd4 Nc6 5. c3 Bf5 6. Bd3 Bxd3 7. Qxd3 e6 8. O-O Bd6 9. Re1 Nf6 10. Nbd2 O-O 11. Ne5 Bxe5 12. dxe5 Nd7 13. Nf3 Qc7 14. Ng5 g6 15. Qh3 h5 16. g4 Kg7 17. gxh5 Rh8 18. h6+ Kf8 19. Qxe6 Ndxe5 20. Rxe5 fxe6 21. Nxe6+ Kf7 22. Nxc7 Nxe5 23. Nxa8 Rxa8 24. Be3 b6 25. Rd1 Rd8 26. Kg2 Ng4 27. Bf4 Kf6 28. h3 Ne5 29. Bxe5+ Kxe5 30. Re1+ Kd6 31. Re3 Rh8 32. Kg3 Rxh6 33. Kg4 Rh5 34. h4 a5 35. Re8 b5 36. f4 b4 37. Ra8 bxc3 38. bxc3 Kc6 39. Rxa5 d4 40. Ra4 dxc3 41. Rc4+ Rc5 42. Rxc3 Rxc3 43. Kg5 Rg3+ 44. Kf6 Rg4 45. a3 Rxf4+ 0-1

[Event "2024 Autumn Open"]
[Site "?"]
[Date "2024.09.14"]
[Round "2.2"]
[White "Honey, Luke"]
[Black "Havard, Gwyn"]
[Result "1-0"]
[WhiteElo "2008"]
[BlackElo "1861"]
[PlyCount "97"]
[EventDate "2024.??.??"]
[SourceVersionDate "2024.09.25"]

1. e4 d5 2. exd5 Nf6 3. d4 Bg4 4. f3 Bf5 5. g4 Bg6 6. c4 e6 7. Nc3 Nxg4 8. fxg4 Qh4+ 9. Ke2 Qxg4+ 10. Nf3 Bh5 11. Kf2 Be7 12. Qd3 O-O 13. Rg1 Bh4+ 14. Nxh4 Qxh4+ 15. Qg3 Qxd4+ 16. Be3 Qf6+ 17. Qf4 Nd7 18. Bd3 exd5 19. cxd5 Rfe8 20. Qxf6 Nxf6 21. h3 Rad8 22. Bd4 Bg6 23. Bxf6 gxf6 24. Rad1 Re5 25. h4 Kf8 26. Rge1 a6 27. Be2 Rd6 28. Bf3 Rb6 29. b3 Rb4 30. Rxe5 fxe5 31. h5 Bf5 32. Re1 f6 33. Be4 Bg4 34. Bxh7 Rf4+ 35. Kg2 Bxh5 36. Rf1 Rg4+ 37. Kh3 Kg7 38. Bf5 Rd4 39. Rg1+ Kf8 40. Ne4 Bf3 41. Nxf6 Bxd5 42. Nxd5 Rxd5 43. Be4 Rd2 44. Rg2 Rd6 45. Bxb7 Rh6+ 46. Kg3 Rg6+ 47. Kf3 Rb6 48. Be4 Rf6+ 49. Ke3 1-0

[Event "2024 Autumn Open"]
[Site "?"]
[Date "2024.09.14"]
[Round "2.3"]
[White "Hannigan, Jack"]
[Black "Fathallah, Joe"]
[Result "0-1"]
[WhiteElo "1794"]
[BlackElo "1985"]
[PlyCount "55"]
[EventDate "2024.??.??"]
[SourceVersionDate "2024.09.25"]

1. e4 e6 2. d4 d5 3. Nd2 Nc6 4. Ngf3 Nf6 5. e5 Nd7 6. Bd3 Nb4 7. Be2 c5 8. c3 Nc6 9. O-O cxd4 10. cxd4 Qb6 11. Nb3 a5 12. a4 Be7 13. Be3 O-O 14. h4 f6 15. Bb5 Qd8 16. Bxc6 bxc6 17. Qc2 c5 18. dxc5 Nxe5 19. Nbd4 Nxf3+ 20. Nxf3 e5 21. Rfd1 Bb7 22. Rac1 Bc6 23. Qf5 Qc8 24. Qxc8 Rfxc8 25. g3 d4 26. Nxd4 exd4 27. Bxd4 Bxa4 28. Rc3 0-1

[Event "2024 Autumn Open"]
[Site "?"]
[Date "2024.09.14"]
[Round "2.4"]
[White "Tapp, James"]
[Black "Jones, Steve"]
[Result "0-1"]
[WhiteElo "1953"]
[BlackElo "1808"]
[PlyCount "133"]
[EventDate "2024.??.??"]
[SourceVersionDate "2024.09.25"]

1. d4 Nf6 2. c4 e5 3. dxe5 Ne4 4. Nf3 Bb4+ 5. Nbd2 Qe7 6. a3 Bxd2+ 7. Bxd2 Nc6 8. Qc2 Nxd2 9. Qxd2 O-O 10. g3 Nxe5 11. Nxe5 Qxe5 12. Bg2 d6 13. O-O Be6 14. Rac1 c6 15. e4 Rad8 16. Rfe1 h6 17. h3 Qh5 18. Qd1 Qg6 19. Qd4 b6 20. b4 Qh5 21. Qd1 Qg6 22. Kh2 f5 23. f4 Qf7 24. Qc2 Qd7 25. Rcd1 Qf7 26. exf5 Bxf5 27. Qa4 Rfe8 28. Qxc6 Rxe1 29. Rxe1 Kh8 30. Qd5 Qf6 31. Qd2 Qf7 32. Qd4 Rc8 33. Bd5 Qh5 34. h4 Qg4 35. Bg2 Kh7 36. Re7 Rd8 37. c5 bxc5 38. bxc5 Rb8 39. cxd6 Rb3 40. Re3 Rb1 41. Qd5 Rd1 42. Qxf5+ Qxf5 43. Be4 Qxe4 44. Rxe4 Rxd6 45. Ra4 Rd7 46. Ra6 Kg8 47. Kh3 Kf7 48. Kg4 Rc7 49. a4 Rd7 50. Kf5 Rd5+ 51. Ke4 Rd7 52. h5 Ke7 53. Kf5 Kf7 54. Ke5 Ke7 55. g4 Kf7 56. g5 hxg5 57. fxg5 Re7+ 58. Kd5 Rd7+ 59. Rd6 Rc7 60. h6 gxh6 61. gxh6 Rc1 62. h7 Rd1+ 63. Kc6 Rh1 64. Rd7+ Ke8 65. Rxa7 Rh6+ 66. Kd5 Rh5+ 67. Ke6 0-1

[Event "2024 Autumn Open"]
[Site "?"]
[Date "2024.09.14"]
[Round "2.5"]
[White "Richards, Joshua"]
[Black "Hatchett, Paul"]
[Result "0-1"]
[WhiteElo "1791"]
[BlackElo "1950"]
[PlyCount "70"]
[EventDate "2024.??.??"]
[SourceVersionDate "2024.09.25"]

1. e4 c5 2. Nc3 g6 3. f4 Bg7 4. Nf3 Nc6 5. Bb5 d6 6. Bxc6+ bxc6 7. O-O e6 8. d3 Ne7 9. Bd2 O-O 10. Qe1 c4 11. g4 f5 12. g5 Qb6+ 13. Kh1 Qxb2 14. Rc1 Qb7 15. h4 c5 16. h5 e5 17. hxg6 hxg6 18. Kg2 exf4 19. Rh1 Bd7 20. Bxf4 fxe4 21. Nxe4 Rxf4 22. Rb1 Qc6 23. Rh4 Rxh4 24. Qxh4 Nf5 25. Qf4 Rf8 26. Rh1 d5 27. Nf6+ Bxf6 28. gxf6 Qxf6 29. Ng5 d4 30. Rh8+ Qxh8 31. Qc7 Ne3+ 32. Kg3 Qh5 33. Nf7 Qg4+ 34. Kf2 Rxf7+ 35. Ke1 Qd1# 0-1

[Event "2024 Autumn Open"]
[Site "?"]
[Date "2024.09.14"]
[Round "2.6"]
[White "Turner, George"]
[Black "Di-Vetta, Andrew"]
[Result "1-0"]
[WhiteElo "1924"]
[BlackElo "1791"]
[PlyCount "98"]
[EventDate "2024.??.??"]
[SourceVersionDate "2024.09.25"]

1. e4 c5 2. Nf3 d6 3. d4 cxd4 4. Nxd4 Nf6 5. Nc3 e5 6. Bb5+ Bd7 7. Bxd7+ Qxd7 8. Nf5 d5 9. Nxd5 Nxe4 10. O-O Na6 11. Nfe3 Rd8 12. Qf3 Nd6 13. Ng4 Qe6 14. Bg5 e4 15. Ngf6+ gxf6 16. Nxf6+ Ke7 17. Nxe4+ Kd7 18. Nxd6 Bxd6 19. Qxb7+ Nc7 20. Bxd8 Rxd8 21. Rfe1 Qh6 22. h3 Rg8 23. Re3 Qg5 24. g3 Qf5 25. Rf3 Qe6 26. Qb3 Rf8 27. Rd1 Qxb3 28. Rxb3 Re8 29. Kf1 Re5 30. Rf3 f5 31. g4 fxg4 32. hxg4 Ke6 33. Re1 Nd5 34. Rxe5+ Bxe5 35. c4 Nb4 36. a3 Nc2 37. b4 Bb2 38. Rb3 Be5 39. Rh3 Kf6 40. Rxh7 Nxa3 41. c5 Nc2 42. b5 Nd4 43. b6 axb6 44. cxb6 Kg5 45. Rh5+ Kf4 46. b7 Bb8 47. Rh8 Bc7 48. b8=Q Bxb8 49. Rxb8 Kf3 1-0

[Event "2024 Autumn Open"]
[Site "?"]
[Date "2024.09.14"]
[Round "2.7"]
[White "Westcott, Dale"]
[Black "Szakmany, Bence"]
[Result "0-1"]
[WhiteElo "1768"]
[BlackElo "1909"]
[PlyCount "82"]
[EventDate "2024.??.??"]
[SourceVersionDate "2024.09.26"]

1. Nf3 d5 2. g3 Nf6 3. Bg2 c6 4. O-O Bg4 5. h3 Bh5 6. c4 e6 7. d4 Nbd7 8. cxd5 exd5 9. Ne5 Bg6 10. f4 Be4 11. Nc3 Bxg2 12. Kxg2 Bd6 13. Qb3 Qb6 14. Qxb6 axb6 15. a3 b5 16. Bd2 Nb6 17. Kf3 Na4 18. Nxa4 Rxa4 19. Bb4 Ne4 20. b3 Ra7 21. Rfc1 f6 22. Nd3 Kf7 23. Nc5 Bxc5 24. Bxc5 Nxc5 25. dxc5 Rha8 26. e4 dxe4+ 27. Kxe4 Rxa3 28. Rxa3 Rxa3 29. Rd1 Ke7 30. Rd3 Ra1 31. g4 Re1+ 32. Re3 Rxe3+ 33. Kxe3 Kd7 34. h4 Kc7 35. g5 b6 36. gxf6 gxf6 37. Kd4 bxc5+ 38. Kxc5 h5 39. Kd4 Kd6 40. Ke4 c5 41. f5 Kc6 0-1

[Event "2024 Autumn Open"]
[Site "?"]
[Date "2024.09.14"]
[Round "2.8"]
[White "Tuson, Bronwen"]
[Black "McGregor, John"]
[Result "0-1"]
[WhiteElo "1620"]
[BlackElo "1894"]
[PlyCount "62"]
[EventDate "2024.??.??"]
[SourceVersionDate "2024.09.26"]

1. c4 c5 2. g3 g6 3. Bg2 Bg7 4. Nc3 Nc6 5. Nf3 e6 6. e4 Nge7 7. O-O O-O 8. b3 d5 9. Rb1 d4 10. Na4 b6 11. Bb2 e5 12. a3 f5 13. d3 fxe4 14. dxe4 Bg4 15. b4 cxb4 16. axb4 Nxb4 17. Bxd4 Nbc6 18. h3 Bxf3 19. Bxf3 Nxd4 20. Bg2 Nec6 21. c5 b5 22. Nc3 a6 23. h4 Na5 24. Nd5 Nc4 25. Qd3 Rc8 26. Rfd1 Rxc5 27. f4 Nb6 28. fxe5 Bxe5 29. Ra1 Nxd5 30. exd5 Qd6 31. Re1 Nc2 0-1

[Event "2024 Autumn Open"]
[Site "?"]
[Date "2024.09.14"]
[Round "2.10"]
[White "Beaumont, Chris"]
[Black "McGrath, Ethan"]
[Result "1-0"]
[WhiteElo "2156"]
[BlackElo "1707"]
[PlyCount "43"]
[EventDate "2024.??.??"]
[SourceVersionDate "2024.09.26"]

1. Nf3 Nf6 2. c4 c6 3. d4 d5 4. Nc3 Bg4 5. Ne5 e6 6. f3 Bf5 7. g4 Bg6 8. h4 h6 9. Nxg6 fxg6 10. Qc2 Qc7 11. Qxg6+ Kd8 12. Be3 dxc4 13. O-O-O b5 14. g5 b4 15. gxf6 bxc3 16. fxg7 cxb2+ 17. Kb1 Qxg7 18. Qxe6 Nd7 19. Bh3 c3 20. d5 c5 21. d6 Qe5 22. Qxd7# 1-0

[Event "2024 Autumn Open"]
[Site "?"]
[Date "2024.09.14"]
[Round "2.11"]
[White "Jukes, Sam"]
[Black "Rathbone-Jones, Ifan"]
[Result "1-0"]
[WhiteElo "1894"]
[BlackElo "2128"]
[PlyCount "95"]
[EventDate "2024.??.??"]
[SourceVersionDate "2024.09.26"]

1. e4 c5 2. Nf3 d6 3. d4 cxd4 4. Nxd4 Nf6 5. Nc3 g6 6. f3 a6 7. Be3 b5 8. Qd2 Bb7 9. h4 h5 10. O-O-O Nbd7 11. Kb1 Rc8 12. Bd3 Bg7 13. f4 Nc5 14. e5 dxe5 15. fxe5 Ng4 16. e6 f5 17. Nxf5 gxf5 18. Bxc5 O-O 19. Be3 Qa5 20. Nd5 Qd8 21. Nb6 Rc6 22. Nd7 Rxe6 23. Nxf8 Rxe3 24. Bc4+ Bd5 25. Bxd5+ Kxf8 26. Rhe1 Rxe1 27. Qxe1 Ne5 28. Qe2 Qb6 29. Qxh5 Qf6 30. c3 b4 31. Be6 Nc6 32. Bd7 Kg8 33. Qe8+ Kh7 34. Bxc6 bxc3 35. Qh5+ Bh6 36. Qf3 cxb2 37. Rf1 e6 38. Be4 Qxh4 39. Bxf5+ exf5 40. Qxf5+ Kh8 41. Qc8+ Kg7 42. Qf8+ Kh7 43. Rf7+ Kg6 44. Qg8+ Kh5 45. Rf5+ Bg5 46. Qxg5+ Qxg5 47. Rxg5+ Kxg5 48. Kxb2 1-0

[Event "2024 Autumn Open"]
[Site "?"]
[Date "2024.09.14"]
[Round "2.12"]
[White "Tuson, Jon"]
[Black "Parri, Deio"]
[Result "1-0"]
[WhiteElo "1860"]
[BlackElo "1767"]
[PlyCount "71"]
[EventDate "2024.??.??"]
[SourceVersionDate "2024.09.26"]

1. Nf3 d5 2. c4 d4 3. d3 c5 4. g3 Nc6 5. Bg2 Nf6 6. O-O g6 7. Na3 Bg7 8. Nc2 O-O 9. Rb1 e5 10. b4 Nd7 11. Ng5 Re8 12. Bd5 Re7 13. bxc5 Nf6 14. Bg2 h6 15. Ne4 Nxe4 16. Bxe4 Bh3 17. Re1 Be6 18. Nb4 Nxb4 19. Rxb4 Rb8 20. Qb3 Qc8 21. c6 b6 22. Ba3 Re8 23. Rb1 Bf8 24. Rb5 Qc7 25. Bxf8 Rxf8 26. a4 f5 27. Bd5 Rbe8 28. c5 Qf7 29. cxb6 Bxd5 30. Qxd5 axb6 31. Qxf7+ Rxf7 32. Rxb6 Rc7 33. Rb8 Kf7 34. R8b7 Ree7 35. Rxc7 Rxc7 36. Rb7 1-0